| 000 | 00380nam a22001217a 4500 | ||
|---|---|---|---|
| 082 | _aP-764 | ||
| 100 |
_aCapt Asad Farooq Ahmed _951409 |
||
| 245 |
_aRevitalization of Pakistan Railway Freight Transportation under CPEC Scenario _bSyn # 3 |
||
| 260 |
_aRisalpur, _bMCE, _c2018. |
||
| 526 |
_a0 _b0 _c0 _dP_764 |
||
| 700 |
_aCol. Dr. Muhammad Bilal Khurshid _951410 |
||
| 942 |
_2ddc _cBK |
||
| 999 |
_c554101 _d554101 |
||